European Countries With the Most Letters - Statistics

General Stats
  • This quiz has been taken 333 times
    233 since last reset
  • The average score is 9 of 12
Answer Stats
Hint Answer % Correct
13 United Kingdom
90%
13 Liechtenstein
89%
14 North Macedonia
86%
10 Luxembourg
85%
20 Bosnia and Herzegovina
83%
11 Netherlands
79%
9 San Marino
79%
11 Switzerland
77%
13 Czech Republic
73%
11 Vatican City
72%
10 Montenegro
69%
9 Lithuania
67%
No matching quizzes found
Score Distribution
Percent of People with Each Score
Percentile by Number Answered
Your Score History
You have not taken this quiz since the last reset